2020 News Stories - Name the Country - Statistics

General Stats
  • This quiz has been taken 30,389 times
  • The average score is 13 of 17
Answer Stats
Event Country % Correct
Experiences the first major outbreak of Covid-19 China
100%
Joe Biden elected President United States
100%
First European country to suffer a major Covid-19 outbreak Italy
91%
Finally leaves the E.U. United Kingdom
91%
34 people die in bushfires Australia
82%
Country which made the movie "Parasite", the first non-English film to win an Oscar for Best Picture South Korea
76%
The largest country to record zero coronavirus cases, although their record-keeping might be a bit suspect North Korea
74%
Has a "battle" with Chinese forces in the Himalayan mountains, using improvised melee weapons instead of guns India
72%
Shinzo Abe resigns as Prime Minister. His eight-year term is the longest in the country's history. Japan
72%
Shoots down a commercial airliner but tries to cover it up Iran
67%
Iranian general Qasem Soleimani is killed by a U.S. drone Iraq
67%
European country where people are beheaded by terrorists because of cartoons of Mohammad France
65%
Normalizes relations with three more Arab countries Israel
65%
Led by epidemiologist Anders Tegnell, this country does not impose large-scale Covid restrictions Sweden
60%
Launches military operations in Iraqi Kurdistan Turkey
59%
First country to approve a Covid vaccine, skipping normal testing protocols Russia
56%
Sultan Qaboos bin Said dies after a reign of nearly 50 years Oman
55%
No matching quizzes found
Score Distribution
Percent of People with Each Score
Percentile by Number Answered
Your Score History
You have not taken this quiz